Villes France qui reçoivent plus de touristes! - Statistiques

Statistiques générales
  • Ce quiz a été pris 1 630 fois
  • Le résultat moyen est 12 sur 25
Statistiques - réponses
Touristes Réponse % Correct
33 millions Paris
100%
5 millions Marseille
99%
9,5 million Lyon
96%
5,5 millions Nice
95%
3 millions Bordeaux
93%
1,5 millions Lille
93%
3,1 millions Strasbourg
90%
6 millions Toulouse
89%
2,4 millions Nantes
83%
7 millions Versailles
56%
4,4 millions La Rochelle
46%
2,3 millions Ajaccio
39%
3,3 millions Bastia
36%
3 millions Mont Saint-Michel
28%
1,7 millions Poitiers
25%
17 millions Marne-la-Vallée
24%
7,5 millions Lourdes
23%
2,5 millions Chamonix
18%
3,2 millions Carcassone
11%
3,1 millions Honfleur
6%
1,0 million Chenonceaux
2%
1,6 millions Les Épesses
2%
1,1 millions Millau
2%
1,4 millions Colleville-sur-Mer
1%
2 millions Plailly
1%
Aucun quiz correspondant
Distribution des résultats
% des personnes avec chaque résultat
Percentile par nombre de réponses
Votre historique - résultats
Vous n’avez pas pris ce quiz